000 005370000a22001810004500
003 MACL
005 20160427104529.0
008 160427b xxu||||| |||| 00| 0 eng d
040 _aMACL
_cMACL
041 _aHindi
082 _a800 PRE
100 _aअलखनारायण
_954195
245 _aप्रेमचन्‍द और लू शुन
260 _bयात्री प्रकाशन
_c1995
_aनई दिल्‍ली
350 _a125
650 _aLiterature
_954196
942 _cHIN
_k800/NAR/L
_2ddc
999 _c19716
_d19716